000
00314nam a22001457a 4500
008
210310b ||||| |||| 00| 0 eng d
020
_a
2900132843477
041
_a
eng
080
_2
5th
_a
61
082
_a
61
100
_a
3
101
_a
SHM
245
_a
Medical Terminology
_c
Fremgen, B. F
942
_2
udc
_c
BK
999
_c
56207
_d
56207